Sol's RNG - NPCs - Statistics

General Stats
  • This quiz has been taken 79 times
    16 since last reset
  • The average score is 6 of 8
Answer Stats
Answer % Correct
Stella
100%
Jake
92%
Lime
92%
Jester
83%
Mari
83%
Rig
83%
54_xyz
33%
Jack The Pumpkin
17%
No matching quizzes found
Score Distribution
Percent of People with Each Score
Percentile by Number Answered
Your Score History
You have not taken this quiz since the last reset